| 000 | 00635nam a2200169 4500 | ||
|---|---|---|---|
| 999 |
_c17621 _d17621 |
||
| 008 | 221116b ||||| |||| 00| 0 eng d | ||
| 020 | _a9786218179653 | ||
| 082 |
_22021 _aDFil 338.4791 _bV839 |
||
| 100 |
_aVizconde, Angelie Marie L. _946805 |
||
| 245 |
_aHeritage tourism / _cAngelie Marie L. Vizconde, Jefferson S. Marcelo and Mark Angelo Q. Paraiso. |
||
| 260 |
_aManila : _bEdric Publishing House, _c©2021. |
||
| 300 |
_a77 pages : _billustrations ; _c25 cm. |
||
| 650 |
_aCultural tourism. _946806 |
||
| 700 |
_aMarcelo, Jefferson S., _eauthor. _946807 |
||
| 700 |
_aParaiso, Mark Angelo Q., _eauthor. _946808 |
||
| 942 |
_2ddc _cDFIL |
||